[Event "Manizales op 20th"]
[Site "Manizales"]
[Date "2008.01.11"]
[Round "2"]
[White "Lotero, William Andres"]
[Black "D'Abraccio, Guillermo"]
[Result "1/2-1/2"]
[WhiteElo "1676"]
[BlackElo "1600"]
[PlyCount "57"]
[EventDate "2008.01.10"]
[EventType "swiss"]
[EventRounds "7"]
[EventCountry "COL"]
[SourceTitle "EXT 2010"]
[Source "ChessBase"]
[SourceDate "2010.11.25"]
[SourceVersion "1"]
[SourceVersionDate "2010.11.25"]
[SourceQuality "1"]

1. e4 c5 2. Nc3 Nc6 3. Nf3 Nf6 4. d4 cxd4 5. Nxd4 a6 6. Be2 e6 7. 0-0 Be7 8. Be3 0-0 9. f4 d5 10. exd5 exd5 11. Bf3 Re8 12. Nb3 Bb4 13. Bd4 Nxd4 14. Qxd4 Bxc3 15. Qxc3 Ne4 16. Qd4 f5 17. Rad1 Be6 18. c3 Rc8 19. Be2 Bf7 20. Rfe1 Qc7 21. g3 Re7 22. Nd2 Rce8 23. Nxe4 Rxe4 24. Qf2 Qe7 25. Kf1 Kf8 26. Bd3 Rxe1+ 27. Rxe1 Qxe1+ 28. Qxe1 Rxe1+ 29. Kxe1 1/2-1/2